1681 1946 1894 1622 1732 1920 1672 1809 1503 1209 1221 1386 1788 1987 1690 1360 1159 1876 1852 1376 1456 1422 1467 1249 1908 1457 1772 1208 1495 1203 1732 1555 1870 1945 1928 1305 1616 1512 1958 1053 1218 1995 1355 1549 1397 1034 1315 1019 1020 1907 1285 1331 1939 1984 1603 1761 1549 1812 1957 1753 1112 1482 1377 1613 1466 1344 1731 1652 1518 1565 1673 1943 1080 1124 1114 1390 1665 1654 1374 1439 1786 1592 1458 1186 1879 1097 1077 1773 1794 1195 1775 1134 1458 1482 1054 1674 1703 1357 1508 BCNSPRNW ULIB Ver.6.0+V

เปลี่ยนเป็นภาษาไทย

Change to English
 แสดงรายละเอียดบรรณานุกรม
  กลับหน้าหลัก

Brief Record : Get Marc (ISO 2709) : E-mail record : QR code < ปิดหน้าต่าง
LEADER : 00000nam 2200000uu 4500
001    13399112512
003     ULIB
008    110819s2550||||th 000 0 tha d
020    9749713869
020    9789749713860
050  4 LB2832.4.T5^bย134ค 2550
100 0  ยนต์ ชุ่มจิต
245 10 ความเป็นครู =^bSelf actualization for teachers /^cยนต์ ชุ่มจิต
246 31 Self actualization for teachers
250    พิมพ์ครั้งที่ 4
260    กรุงเทพฯ :^bโอเดียนสโตร์,^c2550
300    349 หน้า ;^c25 ซม.
650  4 ครู
650  4 ครู^xจรรยาบรรณ
945    ^p220^l0^i027452
995    ทศพร
999 ^a ทศพร
รายการนี้ยังไม่มีแท็ก
คุณยังไม่ได้ล็อกอิน คุณสามารถมีกิจกรรมร่วมกับเว็บไซต์ได้ แต่ต้องล็อกอินก่อน ::
  ล็อกอิน

รายการสื่อสารสนเทศ

ลำดับที่ ประเภท เลขเรียก/บาร์โค้ด สถานที่ สถานะ
- ไม่พบข้อมูล -

รายการใกล้เคียง
    ผู้แต่ง [ยนต์ ชุ่มจิต]

    หัวเรื่อง [ครู]
    หัวเรื่อง [ครู จรรยาบรรณ]

BibComment


ยังไม่เคยถูกคอมเมนท์

คอมเมนท์ทรัพยากรรายการนี้
  คอมเมนท์: ความเป็นครู Self..


 Copyright 2026. Bcnsprnw @Library